000 00859nam a2200265Ia 4500
003 OSt
005 20220923215626.0
006 a|||||r|||| 00| 0
007 ta
008 220922b |||||||| |||| 00| 0 hin d
020 _c22
024 _a180,365
037 _cTextual
040 _aARTS
_cARTS
_bhin
041 _2hin
_ahin
082 _aO152,1N031x, M4
100 _aवर्मा, भगवतीचरण
245 0 _aसविनय और एक नाराज कविता
246 _aSavinaya aur ek nārāj kavitā
260 _aदिल्ली
_b राजकमल प्रकाशन
_c1984
300 _a127 पृ.
_ccm.
650 _aहिन्दी साहित्य
_9156264
942 _hO152,1N031x, M4
_cTEXL
_2CC
999 _c333743
_d333743